00446nam a2200169Ia 4500999001700000003000400017005001700021008004100038040000900079082001800088100002400106245003000130260004700160300000900207650001800216942004200234 c12283d12283OSt20201015093752.0190216s9999||||xx |||||||||||||| ||und|| coclc a813.52bBUC/G aBuck, Pearl S94693 0aGods Men /cPearl S Buck  bPocket Books Publishers,c1978.aNew york: a391: aEnglish Novel cBK2ddch813.52iBUC/Gk813.52mBUC/G